00769 2200181 4500245004100000020002200041250001100063100001600074700002200090650004300112005001900155260004200174041001400216084000800230300002300238500031700261336000900578 aMistress On TrialcHardy, KatehText a978-602-03-2437-1 aCet. 1 aHardy, Kate aRegalia Sariputra aNovel Inggris (dalam Bahasa Indonesia) a20231106131620 aJakartabGramedia Pustaka Utamac2015 aIndonesia a823 a264 hlm. :c18 cm. aLeo Ballantyne tidak memercayai si wanita urakan, Rose Carter. Baginya, Rose salah satu orang yang menyesatkan adik perempuannya. Biasanya Leo takkan sudi berurusan apa pun dengan Rose. Tapi, karena keponakan kesayangannya dititipkan kepada wanita pembawa masalah itu, Leo pun sering meghabiskan waku bersamanya. atext